[Event "WCO 2016"]
[Site "?"]
[Date "2016.09.09"]
[Round "7"]
[Board "17"]
[WhiteID "1004786"]
[White "Peng Zhaoqin"]
[BlackID "13601903"]
[Black "Dzagnidze Nana"]
[Result "1/2-1/2"]
[BlackElo "2522"]
[WhiteElo "2368"]
[LiveChessVersion "1.4.8"]

1. d4 {[%clk 1:30:57]} Nf6 {[%clk 1:30:53]} 2. c4 {[%clk 1:31:24]} e6
{[%clk 1:31:14]} 3. Nc3 {[%clk 1:31:47]} Bb4 {[%clk 1:31:33]} 4. e3
{[%clk 1:32:09]} O-O {[%clk 1:31:31]} 5. Nge2 {[%clk 1:32:35]} Re8
{[%clk 1:30:37]} 6. a3 {[%clk 1:32:53]} Bf8 {[%clk 1:30:55]} 7. Ng3
{[%clk 1:30:25]} d5 {[%clk 1:30:14]} 8. Be2 {[%clk 1:28:52]} dxc4
{[%clk 1:25:53]} 9. O-O {[%clk 1:28:09]} b6 {[%clk 1:19:01]} 10. Bxc4
{[%clk 1:27:56]} Bb7 {[%clk 1:19:22]} 11. e4 {[%clk 1:16:15]} c5 {[%clk 1:16:06]}
12. d5 {[%clk 1:16:07]} exd5 {[%clk 1:15:47]} 13. exd5 {[%clk 1:16:33]} Nbd7
{[%clk 1:13:14]} 14. Bf4 {[%clk 1:11:07]} a6 {[%clk 1:06:22]} 15. a4
{[%clk 1:11:24]} Ne5 {[%clk 1:05:55]} 16. Bxe5 {[%clk 1:01:02]} Rxe5
{[%clk 1:06:18]} 17. Qd3 {[%clk 1:01:17]} b5 {[%clk 0:57:43]} 18. axb5
{[%clk 1:01:25]} axb5 {[%clk 0:58:11]} 19. Bxb5 {[%clk 0:54:10]} Nxd5
{[%clk 0:56:16]} 20. Nxd5 {[%clk 0:41:01]} Rxd5 {[%clk 0:49:26]} 21. Qb3
{[%clk 0:41:02]} Rxa1 {[%clk 0:46:41]} 22. Rxa1 {[%clk 0:41:26]} Rd2
{[%clk 0:46:45]} 23. Bc4 {[%clk 0:40:03]} Rd7 {[%clk 0:26:52]} 24. Ra7
{[%clk 0:30:22]} Qe7 {[%clk 0:27:01]} 25. Qe3 {[%clk 0:18:25]} Qxe3
{[%clk 0:23:49]} 26. fxe3 {[%clk 0:18:51]} g6 {[%clk 0:24:08]} 27. Nf1
{[%clk 0:12:47]} Bc6 {[%clk 0:15:05]} 28. Rxd7 {[%clk 0:13:12]} Bxd7
{[%clk 0:15:32]} 29. Bd5 {[%clk 0:10:44]} Bg7 {[%clk 0:11:20]} 30. b3
{[%clk 0:11:10]} Kf8 {[%clk 0:08:24]} 31. Nd2 {[%clk 0:11:23]} f5
{[%clk 0:07:13]} 32. Nc4 {[%clk 0:11:20]} Ke7 {[%clk 0:07:36]} 33. Kf2
{[%clk 0:10:36]} Bb5 {[%clk 0:04:52]} 34. h4 {[%clk 0:09:08]} Bf6
{[%clk 0:04:33]} 35. g3 {[%clk 0:09:24]} Bd7 {[%clk 0:03:42]} 36. Kf3
{[%clk 0:08:00]} Bc3 {[%clk 0:02:55]} 37. Ke2 {[%clk 0:04:12]} Bb5
{[%clk 0:02:39]} 38. Kf2 {[%clk 0:04:30]} Kf6 {[%clk 0:01:09]} 39. Ke2
{[%clk 0:03:22]} Be5 {[%clk 0:01:25]} 40. Kf2 {[%clk 0:32:59]} Bc7
{[%clk 0:31:48]} 41. Kf3 {[%clk 0:32:27]} Bd7 {[%clk 0:30:50]} 42. Kf2
{[%clk 0:32:25]} Be6 {[%clk 0:27:48]} 43. Bc6 {[%clk 0:29:40]} h6
{[%clk 0:22:33]} 44. Kf3 {[%clk 0:29:20]} Bf7 {[%clk 0:19:43]} 45. Kf2
{[%clk 0:22:17]} g5 {[%clk 0:19:33]} 46. hxg5+ {[%clk 0:22:35]} hxg5
{[%clk 0:19:16]} 47. e4 {[%clk 0:17:16]} fxe4 {[%clk 0:14:03]} 48. Bxe4
{[%clk 0:17:36]} Be5 {[%clk 0:14:07]} 49. g4 {[%clk 0:17:06]} Bd4+
{[%clk 0:13:38]} 50. Kf3 {[%clk 0:17:29]} Be6 {[%clk 0:13:56]} 51. Bc2
{[%clk 0:12:25]} Bd5+ {[%clk 0:13:35]} 52. Be4 {[%clk 0:12:35]} Bxc4
{[%clk 0:13:41]} 1/2-1/2

[Event "WCO 2016"]
[Site "?"]
[Date "2016.09.09"]
[Round "7"]
[Board "18"]
[WhiteID "13601458"]
[White "Javakhishvili Lela"]
[BlackID "1017292"]
[Black "Haast Anne"]
[Result "1/2-1/2"]
[BlackElo "2306"]
[WhiteElo "2486"]
[LiveChessVersion "1.4.8"]

1. Nf3 d6 {[%clk 1:29:58]} 2. d4 {[%clk 1:30:50]} Nf6 {[%clk 1:29:45]} 3. c4
{[%clk 1:30:54]} Bf5 {[%clk 1:27:23]} 4. Nc3 {[%clk 1:28:31]} g6 {[%clk 1:27:06]}
5. h3 {[%clk 1:27:07]} Ne4 {[%clk 1:18:44]} 6. Nxe4 {[%clk 1:19:20]} Bxe4
{[%clk 1:19:03]} 7. Ng5 {[%clk 1:19:44]} Bf5 {[%clk 1:13:06]} 8. e4
{[%clk 1:18:39]} Bc8 {[%clk 1:12:36]} 9. Be3 {[%clk 1:17:38]} Bg7
{[%clk 1:10:12]} 10. Qd2 {[%clk 1:16:14]} O-O {[%clk 1:07:32]} 11. h4
{[%clk 1:09:15]} c5 {[%clk 1:02:50]} 12. d5 {[%clk 1:08:25]} Nd7 {[%clk 0:50:32]}
13. h5 {[%clk 1:07:04]} Nf6 {[%clk 0:48:24]} 14. hxg6 {[%clk 1:02:43]} fxg6
{[%clk 0:47:54]} 15. Bd3 {[%clk 0:55:04]} a6 {[%clk 0:41:27]} 16. O-O-O
{[%clk 0:48:53]} b5 {[%clk 0:40:31]} 17. e5 {[%clk 0:48:35]} dxe5
{[%clk 0:32:58]} 18. Nxh7 {[%clk 0:39:32]} Nxh7 {[%clk 0:30:09]} 19. Bxg6
{[%clk 0:37:47]} Bf5 {[%clk 0:28:28]} 20. Bxf5 {[%clk 0:34:20]} Rxf5
{[%clk 0:28:48]} 21. Qc2 {[%clk 0:34:21]} Qd7 {[%clk 0:18:43]} 22. g4
{[%clk 0:34:16]} Rf6 {[%clk 0:18:05]} 23. Qxh7+ {[%clk 0:32:05]} Kf7
{[%clk 0:18:25]} 24. Qh5+ {[%clk 0:21:30]} Rg6 {[%clk 0:18:27]} 25. g5
{[%clk 0:20:55]} Qf5 {[%clk 0:17:55]} 26. Qe2 {[%clk 0:12:48]} Rb8
{[%clk 0:14:10]} 27. Rh4 {[%clk 0:09:53]} Rxg5 {[%clk 0:09:44]} 28. cxb5
{[%clk 0:04:54]} Rxb5 {[%clk 0:08:55]} 29. Rc4 {[%clk 0:05:05]} Rg2
{[%clk 0:07:07]} 30. Qc2 {[%clk 0:04:03]} e4 {[%clk 0:05:08]} 31. b3
{[%clk 0:03:34]} Bd4 {[%clk 0:05:10]} 32. Bxd4 {[%clk 0:03:24]} cxd4
{[%clk 0:05:34]} 33. Rcxd4 {[%clk 0:03:04]} Rxf2 {[%clk 0:05:07]} 34. R1d2
{[%clk 0:01:10]} Rxd2 {[%clk 0:01:23]} 35. Rxd2 {[%clk 0:01:11]} Qf4
{[%clk 0:00:54]} 36. Kb2 {[%clk 0:00:52]} Qe5+ {[%clk 0:00:48]} 37. Kb1
{[%clk 0:00:44]} e3 {[%clk 0:00:36]} 38. Qh7+ {[%clk 0:00:48]} Qg7
{[%clk 0:00:35]} 39. Qxg7+ {[%clk 0:00:41]} Kxg7 {[%clk 0:01:04]} 40. Re2
{[%clk 0:31:05]} Rxd5 {[%clk 0:30:55]} 41. Rxe3 {[%clk 0:31:32]} Kf6
{[%clk 0:27:16]} 42. Kc2 {[%clk 0:31:06]} e5 {[%clk 0:26:33]} 43. Rd3
{[%clk 0:29:42]} Ke6 {[%clk 0:17:00]} 1/2-1/2

[Event "WCO 2016"]
[Site "?"]
[Date "2016.09.09"]
[Round "7"]
[Board "19"]
[WhiteID "1005308"]
[White "Lanchava Tea"]
[BlackID "13602640"]
[Black "Khotenashvili Bela"]
[Result "1-0"]
[BlackElo "2463"]
[WhiteElo "2258"]
[LiveChessVersion "1.4.8"]

1. c4 {[%clk 1:30:50]} g6 {[%clk 1:30:02]} 2. g3 {[%clk 1:30:47]} Bg7
{[%clk 1:30:00]} 3. Bg2 {[%clk 1:30:56]} c5 {[%clk 1:29:58]} 4. Nc3
{[%clk 1:30:05]} Nc6 {[%clk 1:29:53]} 5. d3 {[%clk 1:29:18]} e6 {[%clk 1:28:10]}
6. e4 {[%clk 1:27:52]} d6 {[%clk 1:26:04]} 7. Nge2 {[%clk 1:26:06]} Nge7
{[%clk 1:25:56]} 8. O-O {[%clk 1:25:53]} O-O {[%clk 1:25:21]} 9. Be3
{[%clk 1:26:13]} Nd4 {[%clk 1:21:51]} 10. Rb1 {[%clk 1:26:12]} Rb8
{[%clk 1:09:23]} 11. b4 {[%clk 1:14:25]} b6 {[%clk 1:06:40]} 12. Qd2
{[%clk 1:06:55]} Bb7 {[%clk 0:57:13]} 13. b5 {[%clk 1:00:47]} d5 {[%clk 0:42:28]}
14. cxd5 {[%clk 0:45:30]} exd5 {[%clk 0:33:11]} 15. Bf4 {[%clk 0:45:29]} Rc8
{[%clk 0:31:23]} 16. Nxd4 {[%clk 0:35:04]} cxd4 {[%clk 0:31:15]} 17. Ne2
{[%clk 0:34:41]} dxe4 {[%clk 0:26:06]} 18. dxe4 {[%clk 0:34:51]} Qd7
{[%clk 0:21:49]} 19. Rb3 {[%clk 0:24:10]} Rc4 {[%clk 0:20:36]} 20. Rd1
{[%clk 0:22:07]} Qe6 {[%clk 0:10:22]} 21. Qd3 {[%clk 0:18:07]} Ra4
{[%clk 0:05:21]} 22. a3 {[%clk 0:15:51]} Rc8 {[%clk 0:03:58]} 23. Bc1
{[%clk 0:14:20]} Qc4 {[%clk 0:02:22]} 24. Bg5 {[%clk 0:10:34]} f6
{[%clk 0:01:51]} 25. Bf4 {[%clk 0:10:23]} Qxd3 {[%clk 0:01:46]} 26. Rbxd3
{[%clk 0:10:29]} f5 {[%clk 0:01:49]} 27. e5 {[%clk 0:09:44]} Bxg2
{[%clk 0:01:38]} 28. Kxg2 {[%clk 0:10:08]} h6 {[%clk 0:01:23]} 29. h4
{[%clk 0:10:17]} Rc5 {[%clk 0:00:54]} 30. Nxd4 {[%clk 0:10:29]} Kf7
{[%clk 0:00:54]} 31. Nf3 {[%clk 0:07:01]} Rxb5 {[%clk 0:00:52]} 32. Rd7
{[%clk 0:06:57]} Bf8 {[%clk 0:00:57]} 33. e6+ {[%clk 0:05:42]} Kxe6
{[%clk 0:01:07]} 34. R1d6+ {[%clk 0:06:02]} Kf7 {[%clk 0:01:33]} 35. Ne5+
{[%clk 0:06:17]} Rxe5 {[%clk 0:01:25]} 36. Bxe5 {[%clk 0:06:41]} Rxa3
{[%clk 0:01:24]} 37. Rf6+ {[%clk 0:06:56]} Ke8 {[%clk 0:00:59]} 38. Rb7
{[%clk 0:07:10]} Ra5 {[%clk 0:00:50]} 39. f4 {[%clk 0:06:49]} Ra2+
{[%clk 0:00:52]} 40. Kh3 {[%clk 0:37:13]} Rc2 {[%clk 0:30:42]} 41. Bd6
{[%clk 0:36:20]} Rd2 {[%clk 0:27:25]} 42. Rxa7 {[%clk 0:25:44]} h5
{[%clk 0:22:27]} 43. Ba3 {[%clk 0:22:38]} Rd3 {[%clk 0:14:48]} 44. Ra8+
{[%clk 0:22:56]} Kd7 {[%clk 0:15:13]} 45. Rfxf8 {[%clk 0:23:18]} Nd5
{[%clk 0:15:15]} 46. Rad8+ {[%clk 0:22:57]} Kc6 {[%clk 0:15:14]} 47. Rf6+
{[%clk 0:20:48]} Kb5 {[%clk 0:14:13]} 48. Rxd5+ {[%clk 0:20:12]} Rxd5
{[%clk 0:14:20]} 49. Rxg6 {[%clk 0:20:37]} Rd3 {[%clk 0:10:28]} 50. Bf8
{[%clk 0:20:58]} Rd8 {[%clk 0:07:07]} 51. Rf6 {[%clk 0:21:01]} Rd5
{[%clk 0:07:28]} 52. Bg7 {[%clk 0:20:51]} Kc5 {[%clk 0:06:18]} 53. Rh6
{[%clk 0:21:14]} Rd7 {[%clk 0:03:24]} 54. Be5 {[%clk 0:21:31]} Kd5
{[%clk 0:03:37]} 55. Rxh5 {[%clk 0:21:26]} Ke4 {[%clk 0:03:58]} 56. Rh6
{[%clk 0:21:03]} Rd1 {[%clk 0:03:20]} 57. h5 {[%clk 0:19:30]} Rg1
{[%clk 0:00:38]} 58. Kh4 {[%clk 0:19:51]} b5 {[%clk 0:00:42]} 59. Rb6 1-0

[Event "WCO 2016"]
[Site "?"]
[Date "2016.09.09"]
[Round "7"]
[Board "20"]
[WhiteID "13602446"]
[White "Melia Salome"]
[BlackID "1033689"]
[Black "Kazarian Anna-Maja"]
[Result "1/2-1/2"]
[BlackElo "2231"]
[WhiteElo "2419"]
[LiveChessVersion "1.4.8"]

1. e4 {[%clk 1:30:51]} e6 {[%clk 1:30:56]} 2. d4 {[%clk 1:31:10]} d5
{[%clk 1:31:22]} 3. Nc3 {[%clk 1:31:34]} Nf6 {[%clk 1:31:47]} 4. e5
{[%clk 1:31:49]} Nfd7 {[%clk 1:32:12]} 5. f4 {[%clk 1:32:13]} c5 {[%clk 1:32:39]}
6. Nf3 {[%clk 1:32:39]} Nc6 {[%clk 1:33:05]} 7. Be3 {[%clk 1:33:03]} a6
{[%clk 1:33:29]} 8. Qd2 {[%clk 1:33:16]} b5 {[%clk 1:33:46]} 9. dxc5
{[%clk 1:33:30]} Bxc5 {[%clk 1:34:11]} 10. Bd3 {[%clk 1:33:44]} Qb6
{[%clk 1:34:22]} 11. Bf2 {[%clk 1:33:59]} O-O {[%clk 1:32:36]} 12. O-O
{[%clk 1:32:37]} Bxf2+ {[%clk 1:32:04]} 13. Qxf2 {[%clk 1:25:36]} Qxf2+
{[%clk 1:30:19]} 14. Rxf2 {[%clk 1:25:55]} Nc5 {[%clk 1:27:58]} 15. a3
{[%clk 1:24:40]} b4 {[%clk 1:24:09]} 16. axb4 {[%clk 1:20:58]} Nxb4
{[%clk 1:24:29]} 17. Bf1 {[%clk 1:19:00]} Bd7 {[%clk 1:23:43]} 18. Nd4
{[%clk 1:18:28]} f6 {[%clk 1:21:36]} 19. exf6 {[%clk 1:15:34]} Rxf6
{[%clk 1:19:56]} 20. g3 {[%clk 1:15:21]} g5 {[%clk 1:12:35]} 21. Bg2
{[%clk 1:04:08]} gxf4 {[%clk 1:12:29]} 22. gxf4 {[%clk 1:04:15]} Raf8
{[%clk 1:07:58]} 23. Raf1 {[%clk 1:03:51]} Kh8 {[%clk 0:54:57]} 24. Rf3
{[%clk 0:48:48]} Be8 {[%clk 0:51:37]} 25. R3f2 {[%clk 0:44:16]} Bh5
{[%clk 0:33:29]} 26. f5 {[%clk 0:32:59]} e5 {[%clk 0:31:07]} 27. Ne6
{[%clk 0:31:53]} Nxe6 {[%clk 0:30:48]} 28. fxe6 {[%clk 0:32:18]} Rxf2
{[%clk 0:31:09]} 29. Rxf2 {[%clk 0:32:36]} Rxf2 {[%clk 0:30:11]} 30. Kxf2
{[%clk 0:33:03]} e4 {[%clk 0:23:17]} 31. e7 {[%clk 0:15:48]} Kg7 {[%clk 0:22:52]}
32. Ne2 {[%clk 0:15:52]} Nxc2 {[%clk 0:16:39]} 33. Nf4 {[%clk 0:15:54]} e3+
{[%clk 0:16:42]} 34. Kg3 {[%clk 0:09:36]} Kf7 {[%clk 0:11:56]} 35. Bxd5+
{[%clk 0:09:22]} Kxe7 {[%clk 0:12:19]} 36. Be4 {[%clk 0:08:36]} e2
{[%clk 0:11:15]} 37. Nxe2 {[%clk 0:08:48]} Bxe2 {[%clk 0:11:15]} 38. Bxc2
{[%clk 0:09:13]} h6 {[%clk 0:11:12]} 39. Kf4 {[%clk 0:08:36]} Kd6
{[%clk 0:07:21]} 40. Ke3 {[%clk 0:35:21]} Bf1 {[%clk 0:36:01]} 41. Kd4
{[%clk 0:34:57]} a5 {[%clk 0:36:05]} 42. Bb3 {[%clk 0:33:58]} Be2
{[%clk 0:34:40]} 43. h4 {[%clk 0:33:12]} Bf1 {[%clk 0:34:22]} 44. Bc2
{[%clk 0:32:30]} Bg2 {[%clk 0:33:25]} 1/2-1/2

[Event "WCO 2016"]
[Site "?"]
[Date "2016.09.09"]
[Round "7"]
[Board "21"]
[WhiteID "4641833"]
[White "Paehtz Elisabeth"]
[BlackID "14201526"]
[Black "Muminova Nafisa"]
[Result "0-1"]
[BlackElo "2324"]
[WhiteElo "2474"]
[LiveChessVersion "1.4.8"]

1. e4 {[%clk 1:30:58]} e5 {[%clk 1:30:51]} 2. Nf3 {[%clk 1:31:24]} Nc6
{[%clk 1:31:17]} 3. Bc4 {[%clk 1:31:51]} Bc5 {[%clk 1:31:38]} 4. d3
{[%clk 1:32:14]} Nf6 {[%clk 1:31:52]} 5. O-O {[%clk 1:32:38]} d6 {[%clk 1:31:53]}
6. c3 {[%clk 1:32:56]} a6 {[%clk 1:32:11]} 7. Bb3 {[%clk 1:32:43]} Ba7
{[%clk 1:32:33]} 8. Nbd2 {[%clk 1:33:01]} O-O {[%clk 1:32:27]} 9. h3
{[%clk 1:32:56]} Nh5 {[%clk 1:29:59]} 10. Nc4 {[%clk 1:33:22]} Qf6
{[%clk 1:28:11]} 11. Ne3 {[%clk 1:29:30]} Nf4 {[%clk 1:23:42]} 12. Nd5
{[%clk 1:29:53]} Nxd5 {[%clk 1:10:57]} 13. exd5 {[%clk 1:30:18]} Nb8
{[%clk 1:10:04]} 14. d4 {[%clk 1:26:03]} h6 {[%clk 1:02:55]} 15. Re1
{[%clk 1:12:28]} Re8 {[%clk 1:01:38]} 16. Bc2 {[%clk 1:05:57]} Nd7
{[%clk 0:54:56]} 17. g4 {[%clk 0:52:49]} g5 {[%clk 0:46:15]} 18. h4
{[%clk 0:32:00]} Qg7 {[%clk 0:40:13]} 19. hxg5 {[%clk 0:30:59]} hxg5
{[%clk 0:40:08]} 20. Qd2 {[%clk 0:21:57]} Nf6 {[%clk 0:36:44]} 21. Qxg5
{[%clk 0:22:12]} Bxg4 {[%clk 0:35:32]} 22. Kg2 {[%clk 0:11:02]} exd4
{[%clk 0:26:37]} 23. Rxe8+ {[%clk 0:11:26]} Rxe8 {[%clk 0:26:58]} 24. Nxd4
{[%clk 0:07:31]} Nxd5 {[%clk 0:20:10]} 25. Qxg7+ {[%clk 0:07:38]} Kxg7
{[%clk 0:20:33]} 26. Bb3 {[%clk 0:07:29]} Nf6 {[%clk 0:16:43]} 27. Be3
{[%clk 0:07:55]} c5 {[%clk 0:12:57]} 28. Nf3 {[%clk 0:08:20]} Be6
{[%clk 0:11:01]} 29. Bc2 {[%clk 0:03:13]} Ng4 {[%clk 0:09:19]} 30. Bf4
{[%clk 0:03:03]} Bd5 {[%clk 0:06:48]} 31. Rd1 {[%clk 0:03:30]} Bc6
{[%clk 0:05:40]} 32. Kg3 {[%clk 0:02:15]} Ne5 {[%clk 0:03:28]} 33. Nh4
{[%clk 0:01:48]} d5 {[%clk 0:03:14]} 34. Nf5+ {[%clk 0:00:57]} Kf6
{[%clk 0:03:35]} 35. Ne3 {[%clk 0:00:57]} Rg8+ {[%clk 0:03:41]} 36. Kh3
{[%clk 0:01:11]} Rh8+ {[%clk 0:02:33]} 37. Kg3 {[%clk 0:01:36]} Rg8+
{[%clk 0:02:55]} 38. Kh3 {[%clk 0:02:01]} d4 {[%clk 0:02:31]} 39. Bxe5+
{[%clk 0:02:21]} Kxe5 {[%clk 0:02:54]} 40. Nf5 {[%clk 0:31:30]} Bd7
{[%clk 0:31:43]} 0-1

[Event "WCO 2016"]
[Site "?"]
[Date "2016.09.09"]
[Round "7"]
[Board "22"]
[WhiteID "14203626"]
[White "Tokhirjonova Gulrukhbegim"]
[BlackID "1106686"]
[Black "Michna Marta"]
[Result "0-1"]
[BlackElo "2383"]
[WhiteElo "2289"]
[LiveChessVersion "1.4.8"]

1. e4 {[%clk 1:30:37]} e6 {[%clk 1:30:55]} 2. d4 {[%clk 1:31:03]} d5
{[%clk 1:31:21]} 3. e5 {[%clk 1:31:27]} c5 {[%clk 1:31:41]} 4. c3
{[%clk 1:31:47]} Nc6 {[%clk 1:31:49]} 5. Nf3 {[%clk 1:32:04]} Nh6
{[%clk 1:32:00]} 6. Bxh6 {[%clk 1:19:10]} gxh6 {[%clk 1:32:25]} 7. Be2
{[%clk 1:19:30]} Bg7 {[%clk 1:31:45]} 8. O-O {[%clk 1:19:37]} cxd4
{[%clk 1:06:57]} 9. cxd4 {[%clk 1:19:49]} O-O {[%clk 1:06:40]} 10. Re1
{[%clk 1:13:25]} f6 {[%clk 0:48:44]} 11. Bb5 {[%clk 1:04:16]} fxe5
{[%clk 0:48:01]} 12. dxe5 {[%clk 1:03:20]} Qb6 {[%clk 0:44:45]} 13. Nc3
{[%clk 0:57:36]} Bd7 {[%clk 0:36:26]} 14. Bxc6 {[%clk 0:51:49]} Bxc6
{[%clk 0:35:51]} 15. Qd2 {[%clk 0:52:05]} Rxf3 {[%clk 0:22:16]} 16. gxf3
{[%clk 0:52:07]} Rf8 {[%clk 0:22:44]} 17. f4 {[%clk 0:47:33]} Qb4
{[%clk 0:22:52]} 18. Ne4 {[%clk 0:42:42]} Qxd2 {[%clk 0:23:20]} 19. Nxd2
{[%clk 0:43:05]} Rxf4 {[%clk 0:23:48]} 20. Re3 {[%clk 0:36:42]} d4
{[%clk 0:18:29]} 21. Rg3 {[%clk 0:36:12]} h5 {[%clk 0:18:54]} 22. f3
{[%clk 0:24:45]} h4 {[%clk 0:17:02]} 23. Rg2 {[%clk 0:24:21]} Kf7
{[%clk 0:13:31]} 24. Re1 {[%clk 0:24:42]} Bh6 {[%clk 0:12:03]} 25. Ne4
{[%clk 0:19:19]} Ke7 {[%clk 0:09:14]} 26. Nf6 {[%clk 0:17:13]} Kf7
{[%clk 0:06:33]} 27. Ne4 {[%clk 0:16:19]} Kf8 {[%clk 0:05:53]} 28. Nc5
{[%clk 0:08:42]} Ke7 {[%clk 0:04:09]} 29. Rg4 {[%clk 0:08:32]} Bxf3
{[%clk 0:03:34]} 30. Rxf4 {[%clk 0:05:49]} Bxf4 {[%clk 0:04:01]} 31. Kf2
{[%clk 0:03:22]} Bd5 {[%clk 0:04:15]} 32. Ke2 {[%clk 0:01:04]} Bxh2
{[%clk 0:03:49]} 33. Kd3 {[%clk 0:01:26]} Bg3 {[%clk 0:03:54]} 34. Rg1
{[%clk 0:01:17]} Bxe5 {[%clk 0:04:06]} 35. Rg4 {[%clk 0:00:46]} Bf6
{[%clk 0:02:23]} 36. Ne4 {[%clk 0:01:03]} e5 {[%clk 0:01:19]} 37. Nxf6
{[%clk 0:00:46]} Kxf6 {[%clk 0:01:46]} 38. Rxh4 {[%clk 0:01:11]} Bxa2
{[%clk 0:02:08]} 39. Rh1 {[%clk 0:00:46]} Bf7 {[%clk 0:01:11]} 40. Rf1+
{[%clk 0:31:05]} Ke6 {[%clk 0:31:35]} 41. Rc1 {[%clk 0:31:12]} Bg6+
{[%clk 0:31:46]} 42. Kd2 {[%clk 0:31:33]} Kd6 {[%clk 0:30:01]} 43. Rf1
{[%clk 0:31:31]} e4 {[%clk 0:30:04]} 44. Rf8 {[%clk 0:31:19]} Ke5
{[%clk 0:26:34]} 45. Rd8 {[%clk 0:29:19]} e3+ {[%clk 0:26:53]} 46. Ke2
{[%clk 0:29:39]} 0-1

[Event "WCO 2016"]
[Site "?"]
[Date "2016.09.09"]
[Round "7"]
[Board "23"]
[WhiteID "14200686"]
[White "Levushkina Elena"]
[BlackID "14201437"]
[Black "Gevorgyan Irina"]
[Result "1-0"]
[BlackElo "2324"]
[WhiteElo "2342"]
[LiveChessVersion "1.4.8"]

1. e4 {[%clk 1:30:56]} c5 {[%clk 1:30:53]} 2. Nf3 {[%clk 1:31:20]} e6
{[%clk 1:31:17]} 3. c3 {[%clk 1:31:45]} d5 {[%clk 1:31:42]} 4. exd5
{[%clk 1:32:12]} Qxd5 {[%clk 1:32:05]} 5. d4 {[%clk 1:32:39]} Nf6
{[%clk 1:32:28]} 6. Be3 {[%clk 1:32:58]} cxd4 {[%clk 1:32:50]} 7. cxd4
{[%clk 1:33:25]} Bb4+ {[%clk 1:33:13]} 8. Nc3 {[%clk 1:33:49]} O-O
{[%clk 1:33:19]} 9. Bd3 {[%clk 1:34:06]} b6 {[%clk 1:32:01]} 10. O-O
{[%clk 1:33:54]} Bxc3 {[%clk 1:32:24]} 11. bxc3 {[%clk 1:34:22]} Ba6
{[%clk 1:32:45]} 12. Bxa6 {[%clk 1:34:44]} Nxa6 {[%clk 1:33:09]} 13. Qe2
{[%clk 1:34:44]} Nb8 {[%clk 1:30:06]} 14. Bg5 {[%clk 1:34:13]} Nbd7
{[%clk 1:25:10]} 15. a4 {[%clk 1:32:02]} Rfc8 {[%clk 1:13:30]} 16. Rfc1
{[%clk 1:30:02]} Rc4 {[%clk 1:10:56]} 17. Nd2 {[%clk 1:11:34]} Rc6
{[%clk 1:10:46]} 18. Be3 {[%clk 1:10:40]} Rac8 {[%clk 1:05:32]} 19. c4
{[%clk 1:09:36]} Qa5 {[%clk 1:00:44]} 20. Rcb1 {[%clk 0:59:58]} h6
{[%clk 0:59:49]} 21. h3 {[%clk 0:43:45]} Qf5 {[%clk 0:58:13]} 22. Rb5
{[%clk 0:35:07]} Qc2 {[%clk 0:56:12]} 23. Qf3 {[%clk 0:31:52]} Qd3
{[%clk 0:29:34]} 24. Rb3 {[%clk 0:24:09]} Qc2 {[%clk 0:29:36]} 25. Rb5
{[%clk 0:24:25]} Qc3 {[%clk 0:21:37]} 26. Qd1 {[%clk 0:22:44]} Qd3
{[%clk 0:21:53]} 27. Rb3 {[%clk 0:14:44]} Qg6 {[%clk 0:22:12]} 28. Qf3
{[%clk 0:13:11]} Qc2 {[%clk 0:21:58]} 29. Rbb1 {[%clk 0:09:50]} Qd3
{[%clk 0:15:49]} 30. a5 {[%clk 0:08:06]} bxa5 {[%clk 0:15:16]} 31. Rb3
{[%clk 0:06:34]} Qc2 {[%clk 0:15:25]} 32. Rba3 {[%clk 0:04:39]} Nb6
{[%clk 0:11:53]} 33. R3a2 {[%clk 0:04:57]} Qd3 {[%clk 0:11:16]} 34. Ra3
{[%clk 0:05:04]} Qc2 {[%clk 0:11:29]} 35. R3a2 {[%clk 0:05:18]} Qd3
{[%clk 0:11:53]} 36. c5 {[%clk 0:02:52]} Nc4 {[%clk 0:09:28]} 37. Nxc4
{[%clk 0:02:55]} Qxc4 {[%clk 0:09:53]} 38. Rxa5 {[%clk 0:03:02]} a6
{[%clk 0:10:06]} 39. R5a4 {[%clk 0:03:00]} Qd3 {[%clk 0:08:24]} 40. R4a3
{[%clk 0:32:47]} Qc4 {[%clk 0:35:30]} 41. Bxh6 {[%clk 0:22:18]} Qxd4
{[%clk 0:34:24]} 42. Be3 {[%clk 0:22:09]} Qc4 {[%clk 0:32:00]} 43. Ra4
{[%clk 0:22:20]} Qd3 {[%clk 0:29:52]} 44. Rh4 {[%clk 0:19:13]} Qd5
{[%clk 0:24:42]} 45. Qe2 {[%clk 0:16:31]} Qe5 {[%clk 0:24:58]} 46. Qd1
{[%clk 0:15:58]} Nd5 {[%clk 0:15:47]} 47. Bd4 {[%clk 0:15:04]} Qf5
{[%clk 0:16:11]} 48. Rh5 {[%clk 0:07:40]} Qg6 {[%clk 0:15:31]} 49. Qf3
{[%clk 0:06:48]} Nf6 {[%clk 0:11:21]} 50. Rh4 {[%clk 0:06:52]} e5
{[%clk 0:06:57]} 51. Bxe5 {[%clk 0:04:56]} Qg5 {[%clk 0:07:19]} 52. Bxf6
{[%clk 0:05:00]} Rxf6 {[%clk 0:07:04]} 53. Qe4 {[%clk 0:03:20]} Qf5
{[%clk 0:04:45]} 54. Re1 {[%clk 0:01:26]} Qxf2+ {[%clk 0:02:27]} 55. Kh2
{[%clk 0:01:44]} g6 {[%clk 0:02:53]} 56. Re2 {[%clk 0:01:23]} Qxc5
{[%clk 0:02:47]} 57. Qa4 {[%clk 0:01:07]} Qd6+ {[%clk 0:02:36]} 58. g3
{[%clk 0:01:26]} Re6 {[%clk 0:02:05]} 59. Rf2 {[%clk 0:01:10]} Qc6
{[%clk 0:01:50]} 60. Qf4 {[%clk 0:01:26]} Qc7 {[%clk 0:01:28]} 61. Qh6
{[%clk 0:01:37]} Qc3 {[%clk 0:00:45]} 62. Qh7+ {[%clk 0:02:00]} 1-0

[Event "WCO 2016"]
[Site "?"]
[Date "2016.09.09"]
[Round "7"]
[Board "24"]
[WhiteID "14201780"]
[White "Kurbonboeva Sarvinoz"]
[BlackID "4690745"]
[Black "Lubbe Melanie"]
[Result "1-0"]
[BlackElo "2324"]
[WhiteElo "2223"]
[LiveChessVersion "1.4.8"]

1. d4 {[%clk 1:30:57]} Nf6 {[%clk 1:30:49]} 2. c4 {[%clk 1:31:20]} g6
{[%clk 1:31:16]} 3. Nc3 {[%clk 1:31:34]} Bg7 {[%clk 1:31:41]} 4. e4
{[%clk 1:31:52]} d6 {[%clk 1:32:06]} 5. h3 {[%clk 1:31:45]} O-O {[%clk 1:32:01]}
6. Bg5 {[%clk 1:31:53]} h6 {[%clk 1:15:27]} 7. Be3 {[%clk 1:31:43]} e5
{[%clk 1:15:35]} 8. d5 {[%clk 1:31:11]} Kh7 {[%clk 1:08:10]} 9. Bd3
{[%clk 1:29:03]} Na6 {[%clk 1:05:27]} 10. Nge2 {[%clk 1:27:51]} Ng8
{[%clk 0:57:58]} 11. Qd2 {[%clk 1:22:14]} Nb4 {[%clk 0:54:09]} 12. Bb1
{[%clk 1:21:18]} a5 {[%clk 0:50:52]} 13. a3 {[%clk 1:18:20]} Na6 {[%clk 0:51:14]}
14. O-O {[%clk 1:18:03]} f5 {[%clk 0:48:00]} 15. exf5 {[%clk 1:17:37]} gxf5
{[%clk 0:45:03]} 16. f4 {[%clk 1:17:32]} e4 {[%clk 0:42:39]} 17. Bc2
{[%clk 1:11:30]} Bd7 {[%clk 0:39:46]} 18. Nd4 {[%clk 1:05:49]} Qe7
{[%clk 0:35:09]} 19. g4 {[%clk 0:48:25]} fxg4 {[%clk 0:34:35]} 20. Nxe4
{[%clk 0:46:55]} Kh8 {[%clk 0:33:59]} 21. hxg4 {[%clk 0:38:55]} Bxg4
{[%clk 0:30:35]} 22. Rae1 {[%clk 0:32:23]} Nc5 {[%clk 0:21:00]} 23. Ng3
{[%clk 0:26:42]} Bf6 {[%clk 0:18:42]} 24. b4 {[%clk 0:17:37]} axb4
{[%clk 0:19:07]} 25. axb4 {[%clk 0:18:06]} Nd7 {[%clk 0:19:11]} 26. Bf2
{[%clk 0:17:36]} Qf7 {[%clk 0:18:23]} 27. Kg2 {[%clk 0:11:35]} Rfe8
{[%clk 0:17:05]} 28. Qd3 {[%clk 0:11:36]} Nf8 {[%clk 0:12:58]} 29. Rxe8
{[%clk 0:08:11]} Rxe8 {[%clk 0:13:23]} 30. Rh1 {[%clk 0:08:32]} Bg7
{[%clk 0:06:32]} 31. Ndf5 {[%clk 0:07:28]} Ng6 {[%clk 0:06:40]} 32. Be3
{[%clk 0:07:00]} Rf8 {[%clk 0:01:44]} 33. Nxg7 {[%clk 0:03:43]} Kxg7
{[%clk 0:02:11]} 34. Bd4+ {[%clk 0:03:36]} Nf6 {[%clk 0:02:07]} 35. Nf5+
{[%clk 0:03:25]} Bxf5 {[%clk 0:02:08]} 36. Qxf5 {[%clk 0:03:54]} Qe8
{[%clk 0:01:07]} 37. Kf1 {[%clk 0:01:53]} Kh7 {[%clk 0:00:37]} 38. Bxf6
{[%clk 0:01:39]} Qf7 {[%clk 0:00:43]} 39. Rxh6+ {[%clk 0:01:27]} Kxh6
{[%clk 0:01:01]} 40. Qh3+ {[%clk 0:31:09]} Nh4 {[%clk 0:31:29]} 41. Qxh4+
{[%clk 0:31:28]} Qh5 {[%clk 0:31:47]} 42. Bg5+ {[%clk 0:31:48]} 1-0